| 000 -LEADER |
| fixed length control field |
02213cam a22004338i 4500 |
| 001 - CONTROL NUMBER |
| control field |
20638320 |
| 005 - DATE AND TIME OF LATEST TRANSACTION |
| control field |
20250821161006.0 |
| 008 - FIXED-LENGTH DATA ELEMENTS--GENERAL INFORMATION |
| fixed length control field |
180817s2019 nju b 001 0 eng |
| 010 ## - LIBRARY OF CONGRESS CONTROL NUMBER |
| LC control number |
2018039798 |
| 020 ## - INTERNATIONAL STANDARD BOOK NUMBER |
| International Standard Book Number |
9781119235927 |
| Qualifying information |
hardcover |
| 035 ## - SYSTEM CONTROL NUMBER |
| System control number |
20638320 |
| 035 ## - SYSTEM CONTROL NUMBER |
| System control number |
(DNLM)101732507 |
| 040 ## - CATALOGING SOURCE |
| Original cataloging agency |
DNLM/DLC |
| Description conventions |
rda |
| Transcribing agency |
DLC |
| 042 ## - AUTHENTICATION CODE |
| Authentication code |
pcc |
| 050 00 - LIBRARY OF CONGRESS CALL NUMBER |
| Classification number |
RM216 |
| 060 10 - NATIONAL LIBRARY OF MEDICINE CALL NUMBER |
| Classification number |
WB 400 |
| 082 00 - DEWEY DECIMAL CLASSIFICATION NUMBER |
| Classification number |
615.854 |
| Author Mark |
MAN |
| 245 00 - TITLE STATEMENT |
| Title |
Manual of dietetic practice / |
| Statement of responsibility, etc. |
edited by Joan Gandy in conjunction with the British Dietetic Association. |
| 250 ## - EDITION STATEMENT |
| Edition statement |
Sixth edition. |
| 263 ## - PROJECTED PUBLICATION DATE |
| Projected publication date |
1905 |
| 264 #1 - PRODUCTION, PUBLICATION, DISTRIBUTION, MANUFACTURE, AND COPYRIGHT NOTICE |
| Place of production, publication, distribution, manufacture |
Hoboken, NJ : |
| Name of producer, publisher, distributor, manufacturer |
John Wiley & Sons, Inc. : |
| -- |
The British Dietetic Association, |
| Date of production, publication, distribution, manufacture, or copyright notice |
2019 |
| 300 ## - PHYSICAL DESCRIPTION |
| Extent |
xv, 1014 p. ; |
| 336 ## - CONTENT TYPE |
| Content type term |
text |
| Source |
rdacontent |
| 337 ## - MEDIA TYPE |
| Media type term |
unmediated |
| Source |
rdamedia |
| 338 ## - CARRIER TYPE |
| Carrier type term |
volume |
| Source |
rdacarrier |
| 504 ## - BIBLIOGRAPHY, ETC. NOTE |
| Bibliography, etc. note |
Includes bibliographical references and index. |
| 520 ## - SUMMARY, ETC. |
| Summary, etc. |
Manual of Dietetic Practice (6th Edition, ISBN 9781119235927) is the authoritative guide for dietetic students and experienced practitioners alike, fully endorsed by the British Dietetic Association. Thoroughly revised and updated in 2019, this comprehensive resource spans the entire dietetic curriculum—covering the latest scientific developments, nutrition surveillance data, evidence-based practice guidelines, insights into Public Health England’s influence, public health intervention strategies, and a companion website with learning aids—making it an indispensable reference for healthcare professionals and educators. |
| 546 ## - LANGUAGE NOTE |
| Language note |
In English |
| 590 ## - LOCAL NOTE (RLIN) |
| Local note |
NBL010825 |
| 650 12 - SUBJECT ADDED ENTRY--TOPICAL TERM |
| Topical term or geographic name entry element |
Diet Therapy |
| 9 (RLIN) |
129997 |
| 650 12 - SUBJECT ADDED ENTRY--TOPICAL TERM |
| Topical term or geographic name entry element |
Dietetics |
| 9 (RLIN) |
98429 |
| 650 22 - SUBJECT ADDED ENTRY--TOPICAL TERM |
| Topical term or geographic name entry element |
Nutritional Physiological Phenomena |
| 9 (RLIN) |
18278 |
| 700 1# - ADDED ENTRY--PERSONAL NAME |
| Personal name |
Gandy, Joan, |
| Relator term |
editor. |
| 9 (RLIN) |
130397 |
| 710 2# - ADDED ENTRY--CORPORATE NAME |
| Corporate name or jurisdiction name as entry element |
British Dietetic Association, |
| Relator term |
issuing body. |
| 9 (RLIN) |
130398 |
| 776 08 - ADDITIONAL PHYSICAL FORM ENTRY |
| Relationship information |
Online version: |
| Title |
Manual of dietetic practice |
| Edition |
Sixth edition. |
| Place, publisher, and date of publication |
Hoboken, NJ : John Wiley & Sons, Inc. : The British Dietetic Association, 2019 |
| International Standard Book Number |
9781119235903 |
| Record control number |
(DLC) 2018041076 |
| 906 ## - LOCAL DATA ELEMENT F, LDF (RLIN) |
| a |
7 |
| b |
cbc |
| c |
orignew |
| d |
1 |
| e |
ecip |
| f |
20 |
| g |
y-gencatlg |
| 942 ## - ADDED ENTRY ELEMENTS (KOHA) |
| Source of classification or shelving scheme |
|
| Koha item type |
Book |